| 000 | 00753nam a22001817a 4500 | ||
|---|---|---|---|
| 003 | NUST-PNEC | ||
| 005 | 20170116180720.0 | ||
| 008 | 141024b xxu||||| |||| 00| 0 eng d | ||
| 040 | _cPNEC | ||
| 082 | _a297.1241 BUK | ||
| 100 |
_9811 _aBukhari |
||
| 245 |
_aSahih Al-Bukhari : The translation of the meanings of Sahih Al-Bukhari (Arabic-English) Vol-5 _cDr. Muhammad Muhsin Khan |
||
| 260 |
_aLahore _bKazi Publications _c1983 |
||
| 300 |
_a530 p. : _c25 cm. |
||
| 500 | _ahttp://www.amazon.com/Translation-Meanings-Sahih-Al-Bukhari-Arabic-English/dp/8171510183/ref=sr_1_2?s=books&ie=UTF8&qid=1414155320&sr=1-2&keywords=The+Translation+of+the+Meanings+of+Sahih+Al-Bukhari+%28Arabic-English%2C+Volume+5 | ||
| 654 |
_xIslam _xGeneral |
||
| 942 |
_2ddc _cBK |
||
| 999 |
_c61330 _d61330 |
||